Statistics for IQ test

Click here to take the quiz!

General Stats

  • This quiz has been taken 479 times
  • The average score is 5 of 8

Answer Stats

QuestionAnswer% Correct
1+1=? if correct IQ>502
98%
10+10=? if correct and ^ IQ>7520
96%
50 - 36 if correct and all ^ IQ>8514
92%
byeBye
66%
What is 143257 + 521784 if correct and all ^ IQ over 105665041
58%
If u did not get any wrong your IQ is 120 and above and you are a smart person.answer
52%
What is the capital of East TimorDili
48%
What is the capital of PalauNglermud
38%

Score Distribution

Percentile by Number Answered

Percent of People with Each Score

Your Score History

You have not taken this quiz